Регионална библиотека "Любен Каравелов" - Русе

История на икономическите учения (Запис номер 157015)

MARC детайли
000 -Лидер
Контролно поле с фиксирана дължина 02037nam a2200361 c 4500
003 - Код на организацията, давaща контролен номер
Контролно поле BLK
005 - Дата и час на последна редакция
Контролно поле 20180422113505.0
008 - Елементи от данни с фиксирана дължина
fixed length control field 180410b bul|||||r ||||||| ||bul||
010 ## - Наследен системен номер
LC control number KNG00163931000
040 ## - Източник на каталожния запис
Идентификатор на билиотеката - собственик на записа BLK
041 ## - Код за език
Код за езика на текст/звукозапис или на отделно заглавие Български
Код за езика КДБФ Български
080 ## - УДК
Текстов определител УДК Икономически теории. Икономически учения и школи
УДК код - определител по УДК 330.8
УДК определител (075.8)
УДК - код + определител 330.8(075.8)
139 ## - Редно поле
Редна дума История на икономическите учения
Авторски знак Истор - И 95
245 10 - Сведения за заглавието
Заглавие История на икономическите учения
Подзаглавни данни Учебник за студентите от ВИИ К. Маркс - София
Редно поле (дума) съавт. Кирил Йорданов Григоров; * Чавдар Н. Беязов; * Стефан А. Мечев; * Иван П. Коцев; * Петко Иванов Петков.
257 ## - Страна на издаване
Страна на създаване/издаване България
260 ## - Област на издателските данни
-- София
Име на издателя, разпространителя и проч. ВИИ Карл Маркс
Година на издаване 1990
300 ## - Физическа характеристика
Страници 475 с.
Размери/Мащаб 22 см
380 ## - Жанр
Жанр Обществени науки
500 ## - Общи забележки
Забележка Други авт.: Ч. Беязов, Ст. А. Мечев, Ив. П. Коцев, П. Ив. Петков, М. А. Кънев, А. Балтаджиева, С. Добрева, Л. Д. Кирев, Вл. Владимиров, К. Р. Бекярова, Св. Б. Тошкова. - Офс. изд. - 10 085 тир. - Библиогр. под линия
650 #4 - Допълнително описание по предмет – тема
Основно описание – тема или топоним Икономически учения - история - учебници за ВУЗ
9 (RLIN) 259911
653 ## - Ключова дума – ненормативна
Ключова дума икономически учения
653 ## - Ключова дума – ненормативна
Ключова дума история
700 1# - Други автори (авторска отговорност)
Лично име Григоров, Кирил Йорданов
Автороска отговорност (Описва отношението между автора и произведението) съавт.
9 (RLIN) 381301
700 1# - Други автори (авторска отговорност)
Лично име Беязов, Чавдар Н.
Автороска отговорност (Описва отношението между автора и произведението) *
9 (RLIN) 333575
700 1# - Други автори (авторска отговорност)
Лично име Мечев, Стефан А.
Автороска отговорност (Описва отношението между автора и произведението) *
9 (RLIN) 333576
700 1# - Други автори (авторска отговорност)
Лично име Коцев, Иван П.
Автороска отговорност (Описва отношението между автора и произведението) *
9 (RLIN) 333577
700 1# - Други автори (авторска отговорност)
Лично име Петков, Петко Иванов
Автороска отговорност (Описва отношението между автора и произведението) *
9 (RLIN) 364561
852 ## - Местоположение
Форматна сигнатура Цб 162121
856 4# - Електронен адрес и достъп
Електронен формат pdf - файл
Път до файла /url/
856 4# - Електронен адрес и достъп
Електронен формат pdf - файл
Път до файла /url/
942 ## - АРТИКУЛИ
Вид на библиотечния материал Книги
Скрит в OPAC Не
Koha issues (borrowed), all copies 1
944 ## - СЪЗДАВАНЕ И РЕДАКЦИЯ на ЗАПИСА
Създаване/Редакция Създаване
Дата на регистрацията/редакция 08.08.2014
Статус, дата на статуса 08.08.2014 - от С1,Р / 08.08.2014
Служител, извършил регистрацията/редакцията Павлина_Енева
944 ## - СЪЗДАВАНЕ И РЕДАКЦИЯ на ЗАПИСА
Създаване/Редакция Редакция
Дата на регистрацията/редакция 08.06.2017
Статус, дата на статуса 08.08.2014 - от С1,Р / 08.08.2014
Служител, извършил регистрацията/редакцията Микаела_Микова-Илиев
999 ## - СИСТЕМНИ КОНТРОЛНИ НОМЕРА
Koha biblionumber 157015
Koha biblioitemnumber 157015
Наличности
Код за отписване Код за изгубен артикул Източник на класификационната схема Код за повреда Коз за рестрикции Код за отдаване Артикулен № Име на библиотеката - собственик Име на библиотеката, в която се намира в момента Статус (Текущо местоположение) Дата на вписване в системата Местоположение - отдел Цена в лева Инвентарен номер Систематично азбучна сигнатура Баркод Номер на екземпляра Цена в евро Служебна бележка Служебен тип на артикула
  Не е изгубен Universal Decimal Classification Не е повреден без рестрикции ползва се в читалня 262983 Регионална библиотека "Любен Каравелов" Русе Регионална библиотека "Любен Каравелов" Русе Хранилище 1990-01-01 Хранилище 1.90 535878 Цб 162121 120000535878 1 0.97 N: стар фонд Дата: 01.01.1990 Книги
Изтеглен Не е изгубен Universal Decimal Classification Не е повреден без рестрикции заемане за дома 262984 Регионална библиотека "Любен Каравелов" Русе Регионална библиотека "Любен Каравелов" Русе Заемна - подръчен фонд 1990-01-01 Заемна - подръчен фонд 1.90 533433 П 330/И 95 120000533433 2 0.97 N: стар фонд Дата: 01.01.1990 Дата инв: 16.02.2018 Бележки инв: П2018 Книги
Vip Innovations Ltd, Rousse, Bulgaria 2025